| 000 | 00746cam a2200253 4500 | ||
|---|---|---|---|
| 001 | M38 | ||
| 008 | 090401t1991 xxu||||| |||| 00| 0 eng d | ||
| 035 | _a(Sirsi) u39502 | ||
| 041 | 0 | _aeng | |
| 050 | 0 | 4 | _a333.0062 $2 18 |
| 090 | _aRICS 1991/27ABC | ||
| 110 | 2 |
_aRoyal Institution of Chartered Surveyors _94900 |
|
| 245 | 0 | 0 |
_aIdeas into action _bannual review April 1991 |
| 260 |
_aLondon _bRICS _c1991 |
||
| 300 |
_a20p. _c30cm. |
||
| 350 | _a0 | ||
| 490 | 0 | _aRICS Annual Report | |
| 490 | 0 | _aRICS Financial Statements | |
| 520 | _aIncludes summary annual accounts. This publication is the 1991 annual report equivalent.. | ||
| 651 | 4 | _aInternational | |
| 690 | _aABOUT RICS-RICS ANNUAL REPORT | ||
| 942 | _n0 | ||
| 948 | _c04/03/1997 | ||
| 999 |
_c90786 _d90786 |
||